00500nam a22001337a 4500020001600000082000800016100001700024245012600041260003600167300002900203650004700232700003000279856005700309 qHard Cover. a200 aNoor ul Amin aBarriers to immunization future disaster for Pakistan:bA cross-sectional study at district Dir Lower, KPK cNoor ul Amin aIslamabad :bMCE - NUST,c2017. av, 54 p. : ill. ;c30cm. aMS-Construction Engineering and Management aSupervisor. Naeem Shahzad uhttp://10.250.8.41:8080/xmlui/handle/123456789/11781